|
|
|
|
| LEADER |
00000nab a2200000 a 4500 |
| 001 |
vtls000203669 |
| 003 |
SK-MaSNL |
| 005 |
20260304063013.0 |
| 008 |
250422c1984 xo 0 slo |
| 015 |
|
|
|a SNBRB19rr/mm-uuuuu
|
| 035 |
|
|
|a CL0213782
|
| 035 |
|
|
|a urn:nbn:sk:snk-abbedi
|
| 035 |
|
|
|a (urnnbn)urn:nbn:sk:snk:ar-a09sc3
|
| 035 |
|
|
|a (uuid)13c7f8c5-ad5a-44aa-851e-4314f0ddbba2
|
| 040 |
|
|
|a SNKBUCL
|b slo
|c SNKBUCL
|e AACR2
|
| 041 |
0 |
|
|a slo
|
| 044 |
|
|
|a xo
|c SK
|
| 080 |
|
|
|a 539.374:531.11
|2 1981
|
| 080 |
|
|
|a 531.11
|2 1981
|
| 100 |
1 |
|
|a Bílý, Matěj
|4 aut
|9 274721
|
| 245 |
1 |
0 |
|a Horst Lippmann: Mechanika plastického tečenia
|c Matěj Bílý ; Horst Lippmann
|
| 650 |
0 |
7 |
|a tečenie plastické
|2 snkbucl
|9 1348996
|
| 655 |
|
7 |
|a články z novín a časopisov
|2 snkbucl
|9 267496
|
| 700 |
1 |
|
|a Lippmann, Horst
|4 aut
|9 1348997
|
| 773 |
0 |
|
|t Strojnícky časopis
|g Roč. 35, č. 6 (1984), s. 754-755
|
| 787 |
0 |
8 |
|i Rec.:
|a Lippmann, Horst
|t Mechanika plastického tečenia
|d Berlin-Heidelberg-New York : Springer Verlag, 1981
|
| 850 |
|
|
|a Slovenská národná knižnica
|
| 852 |
|
|
|a Slovenská národná knižnica
|
| 954 |
|
|
|a odborná, vedecká literatúra pôvodná (slovenská)
|2 lita
|
| 958 |
|
|
|a article15
|
| 958 |
|
|
|a OND
|
| 958 |
|
|
|a RK
|
| 958 |
|
|
|a EUIPO
|
| 992 |
|
|
|a RBX
|
| 999 |
|
|
|c 2740621
|d 2742551
|